Intergenerational Knowledge Transfer as a Driver for SMEs Sustainability A Multigenerational Workforce Perspective
| Szerző: | |
|---|---|
| Dokumentumtípus: | Cikk |
| Megjelent: |
Budapesti Gazdaságtudományi Egyetem
2026
|
| Sorozat: | Prosperitas
13 No. 1 |
| Tárgyszavak: | |
| doi: | 10.31570/prosp_2026_0160 |
| Kulcsszavak: | Knowledge transfer SMEs Sustainability intergenerational gap Workforce |
| Online Access: | http://publikaciotar.uni-bge.hu/2614 |
MARC
| LEADER | 00000nab a2200000 i 4500 | ||
|---|---|---|---|
| 001 | publ2614 | ||
| 005 | 20260415123649.0 | ||
| 008 | 260225s2026 hu o 000 zxx d | ||
| 022 | |a 2786-4359 (Online) | ||
| 024 | |a 10.31570/prosp_2026_0160 |2 doi | ||
| 040 | |a BGE Publikációtár Repozitórium |b hun | ||
| 100 | 1 | |a Baniismail Mohamedbashir | |
| 245 | 1 | 0 | |a Intergenerational Knowledge Transfer as a Driver for SMEs Sustainability |b A Multigenerational Workforce Perspective |c Baniismail Mohamedbashir |h [elektronikus dokumentum] |
| 260 | |a Budapesti Gazdaságtudományi Egyetem |c 2026 | ||
| 300 | |a 1-20 | ||
| 490 | 0 | |a Prosperitas |v 13 No. 1 | |
| 650 | 4 | |a gazdálkodás- és szervezéstudományok | |
| 695 | |a Knowledge transfer | ||
| 695 | |a SMEs | ||
| 695 | |a Sustainability | ||
| 695 | |a intergenerational gap | ||
| 695 | |a Workforce | ||
| 856 | 4 | 0 | |u https://publikaciotar.uni-bge.hu/id/eprint/2614/1/intergenerational-knowledge-transfer-as-a-driver-for-smes-sustainability-a-multigenerational-workforce-perspective-275.pdf |z Dokumentum-elérés |